<?xml version='1.0' encoding='UTF-8'?>
  <record xmlns="http://www.loc.gov/MARC21/slim">
    <leader>00000cam a22000007  4500</leader>
    <controlfield tag="001">ocm12686136</controlfield>
    <controlfield tag="003">OCoLC</controlfield>
    <controlfield tag="005">20250726024058.7</controlfield>
    <controlfield tag="008">851017s1808    sp            000 0 spa d</controlfield>
    <datafield tag="040" ind1=" " ind2=" ">
      <subfield code="a">OBE</subfield>
      <subfield code="b">eng</subfield>
      <subfield code="c">OBE</subfield>
      <subfield code="d">OCLCG</subfield>
      <subfield code="d">OCLCQ</subfield>
      <subfield code="d">OCLCO</subfield>
      <subfield code="d">OCLCQ</subfield>
      <subfield code="d">OCLCL</subfield>
    </datafield>
    <datafield tag="029" ind1="1" ind2=" ">
      <subfield code="a">NLGGC</subfield>
      <subfield code="b">153061359</subfield>
    </datafield>
    <datafield tag="035" ind1=" " ind2=" ">
      <subfield code="a">(OCoLC)12686136</subfield>
    </datafield>
    <datafield tag="082" ind1="0" ind2="4">
      <subfield code="a">861.4</subfield>
      <subfield code="b">M79F</subfield>
      <subfield code="1">https://id.oclc.org/worldcat/ddc/E3mCpckBD6TxGtGwqfkycJmf8g</subfield>
    </datafield>
    <datafield tag="100" ind1="1" ind2=" ">
      <subfield code="a">Mor de Fuentes, José,</subfield>
      <subfield code="d">1762-1848.</subfield>
      <subfield code="1">https://id.oclc.org/worldcat/entity/E39PBJfcJkcTQfHCDKfDK4WxDq</subfield>
    </datafield>
    <datafield tag="245" ind1="1" ind2="0">
      <subfield code="a">Fernando VII,</subfield>
      <subfield code="b">romance heroico;</subfield>
      <subfield code="c">por Jose Mor de Fuentes.</subfield>
    </datafield>
    <datafield tag="250" ind1=" " ind2=" ">
      <subfield code="a">2. ed.</subfield>
    </datafield>
    <datafield tag="260" ind1=" " ind2=" ">
      <subfield code="a">Madrid,</subfield>
      <subfield code="b">Imprenta de repullés,</subfield>
      <subfield code="c">1808.</subfield>
    </datafield>
    <datafield tag="300" ind1=" " ind2=" ">
      <subfield code="a">8, vii pages</subfield>
    </datafield>
    <datafield tag="336" ind1=" " ind2=" ">
      <subfield code="a">text</subfield>
      <subfield code="b">txt</subfield>
      <subfield code="2">rdacontent</subfield>
    </datafield>
    <datafield tag="337" ind1=" " ind2=" ">
      <subfield code="a">unmediated</subfield>
      <subfield code="b">n</subfield>
      <subfield code="2">rdamedia</subfield>
    </datafield>
    <datafield tag="338" ind1=" " ind2=" ">
      <subfield code="a">volume</subfield>
      <subfield code="b">nc</subfield>
      <subfield code="2">rdacarrier</subfield>
    </datafield>
    <datafield tag="758" ind1=" " ind2=" ">
      <subfield code="i">has work:</subfield>
      <subfield code="a">Fernando VII (Text)</subfield>
      <subfield code="1">https://id.oclc.org/worldcat/entity/E39PCGMkMtMVy3hR8CqrPRvkcP</subfield>
      <subfield code="4">https://id.oclc.org/worldcat/ontology/hasWork</subfield>
    </datafield>
  </record>